[Event "USA-ch Seniors (Women)"]
[Site "Berkeley"]
[Date "2023.11.04"]
[Round "2"]
[White "Kuhner, Mary"]
[Black "Sagalchik, Olga"]
[Result "0-1"]
[WhiteElo "1678"]
[BlackElo "2123"]
[PlyCount "88"]
[EventDate "2023.11.03"]
[EventType "swiss"]
[EventRounds "5"]
[EventCountry "USA"]
[SourceTitle "Mega2024 Update 01"]
[Source "Chessbase"]
[SourceDate "2023.11.12"]
[SourceVersion "1"]
[SourceVersionDate "2023.11.12"]
[SourceQuality "1"]

1. e4 c5 2. Nf3 d6 3. c3 Nf6 4. h3 Nc6 5. Bd3 d5 6. exd5 Qxd5 7. Bb5 Bf5 8. Na3 e6 9. 0-0 Be7 10. d4 Be4 11. Be3 cxd4 12. Bxc6+ bxc6 13. Bxd4 Bxf3 14. Qxf3 Qxf3 15. gxf3 Bxa3 16. bxa3 Nd5 17. Rfe1 0-0 18. Rab1 Rfc8 19. c4 Nf4 20. Kh2 Rd8 21. Be3 Nd3 22. Red1 Ne5 23. Bxa7 Nxf3+ 24. Kg3 Nd2 25. Bb6 Rd3+ 26. Kg2 Nxb1 27. Rxd3 Nxa3 28. c5 Kf8 29. Rd8+ Rxd8 30. Bxd8 Ke8 31. Bb6 e5 32. Kf3 Kd7 33. Ke4 Ke6 34. Kd3 Kd5 35. f3 f5 36. Kc3 f4 37. Kb3 Nb5 38. a4 Nd4+ 39. Kb2 e4 40. a5 exf3 41. a6 f2 42. a7 f1Q 43. a8Q Qe2+ 44. Ka3 Qd3+ 0-1

[Event "USA-ch Seniors (Women)"]
[Site "Berkeley"]
[Date "2023.11.03"]
[Round "1"]
[White "Teasley, Dorothy O"]
[Black "Kuhner, Mary"]
[Result "0-1"]
[WhiteElo "2044"]
[BlackElo "1678"]
[PlyCount "62"]
[EventDate "2023.11.03"]
[EventType "swiss"]
[EventRounds "5"]
[EventCountry "USA"]
[SourceTitle "Mega2024 Update 01"]
[Source "Chessbase"]
[SourceDate "2023.11.12"]
[SourceVersion "1"]
[SourceVersionDate "2023.11.12"]
[SourceQuality "1"]

1. d4 e6 2. Nf3 f5 3. Nbd2 Nf6 4. g3 d5 5. Bg2 Bd6 6. c4 c6 7. 0-0 0-0 8. Ne5 Nbd7 9. Nxd7 Bxd7 10. Qc2 Qe8 11. f4 Qh5 12. Nf3 Ng4 13. h3 Nf6 14. Ne5 Bxe5 15. dxe5 Ne4 16. Bxe4 fxe4 17. Kg2 b6 18. b4 a5 19. Ba3 axb4 20. Bxb4 c5 21. Be1 Ra4 22. cxd5 exd5 23. g4 Qe8 24. Qb3 Qe6 25. Bg3 Rb4 26. Qa3 d4 27. Rfc1 Qd5 28. Be1 e3+ 29. Kg3 Bc6 30. Bxb4 Qg2+ 31. Kh4 Qf2+ 0-1

[Event "Seattle Summer Classic 3rd"]
[Site "Seattle"]
[Date "2019.08.18"]
[Round "9"]
[White "Kaelin, Alex"]
[Black "Kuhner, Mary"]
[Result "0-1"]
[WhiteElo "1495"]
[BlackElo "1705"]
[PlyCount "66"]
[EventDate "2019.08.14"]
[EventType "swiss"]
[EventRounds "9"]
[EventCountry "USA"]
[SourceTitle "EXT 2023"]
[Source "ChessBase"]
[SourceDate "2022.10.05"]
[SourceVersion "1"]
[SourceVersionDate "2022.10.05"]
[SourceQuality "1"]

1. d4 e6 2. Nc3 f5 3. e4 fxe4 4. Nxe4 Nf6 5. Bg5 Be7 6. Bxf6 Bxf6 7. Nf3 b6 8. Bd3 Bb7 9. Qe2 Qe7 10. 0-0-0 a5 11. Ne5 Bxe5 12. Qh5+ Kd8 13. dxe5 Kc8 14. f4 a4 15. a3 Ra5 16. Qe2 Na6 17. Bb5 Rd8 18. Rd4 Nc5 19. Bd3 Nxd3+ 20. Qxd3 Rd5 21. Rxd5 exd5 22. Nd2 g5 23. g3 gxf4 24. gxf4 Rg8 25. Re1 Qh4 26. Rf1 Qxh2 27. Qd4 c5 28. Qf2 Rg2 29. Qe3 Re2 30. Qd3 d4 31. Kd1 Re3 32. Qc4 Bd5 33. Qxd5 Qe2+ 0-1

[Event "Seattle Summer Classic 3rd"]
[Site "Seattle"]
[Date "2019.08.17"]
[Round "6"]
[White "Anand Jr, Vignesh"]
[Black "Kuhner, Mary"]
[Result "1-0"]
[WhiteElo "1918"]
[BlackElo "1705"]
[PlyCount "51"]
[EventDate "2019.08.14"]
[EventType "swiss"]
[EventRounds "9"]
[EventCountry "USA"]
[SourceTitle "EXT 2023"]
[Source "ChessBase"]
[SourceDate "2022.10.05"]
[SourceVersion "1"]
[SourceVersionDate "2022.10.05"]
[SourceQuality "1"]

1. c4 e6 2. Nc3 d5 3. d4 c6 4. e3 f5 5. Bd3 Nf6 6. Nh3 Bb4 7. f3 0-0 8. 0-0 Bxc3 9. bxc3 Na6 10. Ba3 Re8 11. Nf2 Qa5 12. Qb3 dxc4 13. Bxc4 Nd5 14. e4 b5 15. Bd3 Nf4 16. exf5 Kh8 17. Rae1 Bd7 18. Bd6 Nd5 19. c4 Ndc7 20. cxb5 cxb5 21. Be5 Nd5 22. Be4 Rac8 23. fxe6 Bxe6 24. Bxd5 Rc3 25. Bxe6 Rxb3 26. Bxb3 1-0

[Event "Washington State-chD"]
[Site "Redmond"]
[Date "2019.02.23"]
[Round "6"]
[White "Kuhner, Mary"]
[Black "Yan, Jeffrey Oliver"]
[Result "1-0"]
[WhiteElo "1772"]
[BlackElo "1755"]
[PlyCount "57"]
[EventDate "2019.02.16"]
[EventType "tourn"]
[EventRounds "9"]
[EventCountry "USA"]
[SourceTitle "EXT 2023"]
[Source "ChessBase"]
[SourceDate "2022.10.05"]
[SourceVersion "1"]
[SourceVersionDate "2022.10.05"]
[SourceQuality "1"]

1. e4 c6 2. d4 d5 3. f3 e6 4. Nc3 Bb4 5. Bf4 dxe4 6. fxe4 Nf6 7. Qd3 Bxc3+ 8. bxc3 Qa5 9. Bd2 Qh5 10. g3 b6 11. Bg2 Ba6 12. Qf3 Qxf3 13. Bxf3 Nbd7 14. Ne2 e5 15. Kf2 0-0-0 16. Rhe1 c5 17. d5 Ne8 18. a4 Nd6 19. a5 Nc4 20. axb6 Kb7 21. Be3 Nxe3 22. Kxe3 Bxe2 23. Bxe2 axb6 24. Bb5 h5 25. Rf1 f6 26. Ra6 Kc7 27. d6+ Kxd6 28. Rd1+ Ke6 29. Ra7 1-0

[Event "Washington State-chD"]
[Site "Redmond"]
[Date "2019.02.23"]
[Round "7"]
[White "Velea, Sophie"]
[Black "Kuhner, Mary"]
[Result "1/2-1/2"]
[WhiteElo "1629"]
[BlackElo "1772"]
[PlyCount "67"]
[EventDate "2019.02.16"]
[EventType "tourn"]
[EventRounds "9"]
[EventCountry "USA"]
[SourceTitle "EXT 2023"]
[Source "ChessBase"]
[SourceDate "2022.10.05"]
[SourceVersion "1"]
[SourceVersionDate "2022.10.05"]
[SourceQuality "1"]

1. e4 e6 2. d4 d5 3. Nc3 Bb4 4. e5 c5 5. a3 Bxc3+ 6. bxc3 Ne7 7. Qg4 Qc7 8. Qxg7 Rg8 9. Qxh7 cxd4 10. Ne2 dxc3 11. f4 Nbc6 12. Qd3 d4 13. Nxd4 Nxd4 14. Qxd4 Bd7 15. Rg1 Nf5 16. Qf2 b6 17. Bd3 0-0-0 18. g4 Ne7 19. a4 Bc6 20. Ba3 Nd5 21. Ba6+ Bb7 22. Bd6 Rxd6 23. exd6 Qxd6 24. Bxb7+ Kxb7 25. Rd1 Rc8 26. Qd4 Qa3 27. h4 Qa2 28. Qd3 Qxa4 29. f5 Rc4 30. fxe6 Re4+ 31. Kf2 Rf4+ 32. Ke1 Re4+ 33. Kf2 Rf4+ 34. Ke1 1/2-1/2

[Event "Seattle Classic op"]
[Site "Seattle"]
[Date "2017.08.19"]
[Round "7"]
[White "Kuhner, Mary"]
[Black "Kaufman, Raymond"]
[Result "0-1"]
[WhiteElo "1856"]
[BlackElo "2206"]
[PlyCount "76"]
[EventDate "2017.08.16"]
[EventType "swiss"]
[EventRounds "9"]
[EventCountry "USA"]
[SourceTitle "EXT 2023"]
[Source "ChessBase"]
[SourceDate "2022.10.05"]
[SourceVersion "1"]
[SourceVersionDate "2022.10.05"]
[SourceQuality "1"]

1. e4 c5 2. Nf3 d6 3. c3 Nf6 4. h3 g6 5. Bd3 Nc6 6. Bc2 Bh6 7. d3 Bxc1 8. Qxc1 0-0 9. Qh6 e6 10. Nbd2 Qe7 11. 0-0-0 Rd8 12. e5 Nxe5 13. Nxe5 dxe5 14. Nf3 Nd7 15. h4 f6 16. g4 b6 17. Rh3 Bb7 18. Qe3 Qg7 19. g5 f5 20. h5 Bxf3 21. Qxf3 e4 22. dxe4 Ne5 23. Qe2 f4 24. Rdh1 f3 25. Qe3 Rf8 26. hxg6 hxg6 27. Rd1 Rad8 28. Rhh1 Ng4 29. Qe1 Qe5 30. Rxd8 Rxd8 31. Qf1 Qxg5+ 32. Kb1 Rd2 33. Qa6 Nxf2 34. Qc8+ Rd8 35. Qxe6+ Kg7 36. Rf1 Rd2 37. Bb3 Qf4 38. Rg1 Qxe4+ 0-1

[Event "Seattle Classic op"]
[Site "Seattle"]
[Date "2017.08.19"]
[Round "6"]
[White "Xie, Luke"]
[Black "Kuhner, Mary"]
[Result "0-1"]
[WhiteElo "1936"]
[BlackElo "1856"]
[PlyCount "45"]
[EventDate "2017.08.16"]
[EventType "swiss"]
[EventRounds "9"]
[EventCountry "USA"]
[SourceTitle "EXT 2023"]
[Source "ChessBase"]
[SourceDate "2022.10.05"]
[SourceVersion "1"]
[SourceVersionDate "2022.10.05"]
[SourceQuality "1"]

1. e4 e6 2. d4 d5 3. Nd2 Nf6 4. e5 Nfd7 5. Bd3 c5 6. c3 Nc6 7. Ne2 cxd4 8. cxd4 f6 9. exf6 Nxf6 10. Nf3 Qc7 11. 0-0 Bd6 12. Bg5 0-0 13. Bh4 Nh5 14. Qc2 h6 15. Bh7+ Kh8 16. Bg6 Nf4 17. Nxf4 Bxf4 18. Bg3 Bd7 19. Rfe1 Bxg3 20. hxg3 Rac8 21. Qd2 Rf6 22. Bc2 Re8 23. Rac1 0-1

[Event "Seattle Classic op"]
[Site "Seattle"]
[Date "2017.08.16"]
[Round "1"]
[White "Kuhner, Mary"]
[Black "Feng, Roland"]
[Result "0-1"]
[WhiteElo "1856"]
[BlackElo "2369"]
[PlyCount "48"]
[EventDate "2017.08.16"]
[EventType "swiss"]
[EventRounds "9"]
[EventCountry "USA"]
[SourceTitle "EXT 2023"]
[Source "ChessBase"]
[SourceDate "2022.10.05"]
[SourceVersion "1"]
[SourceVersionDate "2022.10.05"]
[SourceQuality "1"]

1. e4 e6 2. d4 d5 3. Nc3 Nf6 4. Bg5 dxe4 5. Nxe4 Be7 6. Nxf6+ gxf6 7. Be3 Nc6 8. Nf3 b6 9. Be2 Bb7 10. 0-0 Rg8 11. Re1 Qd6 12. c3 0-0-0 13. Qa4 Qd5 14. c4 Qe4 15. h3 Nxd4 16. Bxd4 Rxd4 17. Qb3 Rd2 18. Kf1 Bc5 19. Rad1 Rxg2 20. Kxg2 Qh4 21. Rxd2 Qxf2+ 22. Kh1 Qxe1+ 23. Kh2 Qf2+ 24. Kh1 Qg1# 0-1

[Event "Las Vegas National op (Women)"]
[Site "Las Vegas"]
[Date "2017.06.14"]
[Round "2"]
[White "Paikidze, Nazi"]
[Black "Kuhner, Mary"]
[Result "1-0"]
[WhiteElo "2355"]
[BlackElo "1827"]
[PlyCount "71"]
[EventDate "2017.06.14"]
[EventType "swiss"]
[EventRounds "5"]
[EventCountry "USA"]
[SourceTitle "CBM 178 Extra"]
[Source "ChessBase"]
[SourceDate "2017.06.22"]
[SourceVersion "1"]
[SourceVersionDate "2017.06.22"]
[SourceQuality "1"]

1. d4 e6 2. c4 f5 3. g3 Nf6 4. Bg2 c6 5. Nh3 Bb4+ 6. Bd2 Bxd2+ 7. Nxd2 d6 8. 0-0 0-0 9. Qb3 Kh8 10. d5 cxd5 11. cxd5 e5 12. Ng5 Na6 13. Qa3 Nc7 14. Nc4 Nfxd5 15. Qxd6 Qxd6 16. Nxd6 e4 17. f3 Ne3 18. Rfc1 exf3 19. Bxf3 Ne6 20. Nxe6 Bxe6 21. Nxb7 Rac8 22. Rc5 Rxc5 23. Nxc5 Bg8 24. b3 Rd8 25. Nd3 Rc8 26. Kf2 Nd5 27. Bxd5 Bxd5 28. Rd1 Kg8 29. Nf4 Bc6 30. Rc1 Kf7 31. Rc5 g6 32. Nd3 Ke6 33. Ne5 Bb7 34. Ra5 Bd5 35. Nd3 Rc7 36. Nf4+ 1-0

[Event "Washington State-chC"]
[Site "Redmond"]
[Date "2017.02.19"]
[Round "8"]
[White "Kuhner, Mary"]
[Black "Smith, Mark Trevor"]
[Result "1/2-1/2"]
[WhiteElo "1858"]
[BlackElo "1749"]
[PlyCount "24"]
[EventDate "2017.02.11"]
[EventType "tourn"]
[EventRounds "9"]
[EventCountry "USA"]
[SourceTitle "EXT 2023"]
[Source "ChessBase"]
[SourceDate "2022.10.05"]
[SourceVersion "1"]
[SourceVersionDate "2022.10.05"]
[SourceQuality "1"]

1. e4 g6 2. d4 Bg7 3. Be3 d6 4. c3 Nf6 5. f3 0-0 6. Qd2 c6 7. Bh6 e5 8. Na3 Nxe4 9. fxe4 Qh4+ 10. g3 Qxh6 11. Qxh6 Bxh6 12. dxe5 dxe5 1/2-1/2

[Event "Washington State-ch Challengers"]
[Site "Redmond"]
[Date "2016.02.14"]
[Round "7"]
[White "Ramasamy, Vikram"]
[Black "Kuhner, Mary"]
[Result "1-0"]
[WhiteElo "1847"]
[BlackElo "2042"]
[PlyCount "89"]
[EventDate "2016.02.06"]
[EventType "tourn"]
[EventRounds "9"]
[EventCountry "USA"]
[SourceTitle "EXT 2018"]
[Source "ChessBase"]
[SourceDate "2017.10.13"]
[SourceVersion "1"]
[SourceVersionDate "2017.10.13"]
[SourceQuality "1"]

1. e4 e6 2. d4 d5 3. Nd2 Nf6 4. e5 Nfd7 5. Bd3 c5 6. c3 Nc6 7. Ne2 cxd4 8. cxd4 f6 9. exf6 Nxf6 10. 0-0 Bd6 11. Nf3 0-0 12. Bf4 Bxf4 13. Nxf4 Qd6 14. g3 e5 15. dxe5 Nxe5 16. Nxe5 Qxe5 17. Qb3 b6 18. Rfe1 Qd6 19. Rad1 Kh8 20. Nxd5 Nxd5 21. Be4 Qc5 22. Rd2 Bb7 23. Bxd5 Rad8 24. Re5 Rd6 25. Qe3 Qxe3 26. fxe3 h6 27. e4 Ba6 28. Re7 Rdf6 29. e5 Rf1+ 30. Kg2 Re1 31. Bf7 Kh7 32. Rf2 Rd8 33. Rxa7 Bc8 34. Bb3 h5 35. Re7 Bd7 36. Rff7 Re2+ 37. Kg1 Bh3 38. Rxg7+ Kh6 39. Rh7+ Kg5 40. Reg7+ Kf5 41. Rxh5+ Ke4 42. Rxh3 Rxb2 43. Rf7 Rdd2 44. Rh4+ Ke3 45. Rf1 1-0

[Event "Washington State-ch Challengers"]
[Site "Redmond"]
[Date "2016.02.06"]
[Round "1"]
[White "Bashkansky, Naomi"]
[Black "Kuhner, Mary"]
[Result "1-0"]
[WhiteElo "1695"]
[BlackElo "2042"]
[PlyCount "41"]
[EventDate "2016.02.06"]
[EventType "tourn"]
[EventRounds "9"]
[EventCountry "USA"]
[SourceTitle "EXT 2018"]
[Source "ChessBase"]
[SourceDate "2017.10.13"]
[SourceVersion "1"]
[SourceVersionDate "2017.10.13"]
[SourceQuality "1"]

1. d4 e6 2. c4 f5 3. Nc3 Nf6 4. Nf3 Bb4 5. Bd2 0-0 6. g3 d5 7. Qb3 Be7 8. Bg2 c6 9. 0-0 Ne4 10. Rad1 Nd7 11. Bc1 Nxc3 12. bxc3 b6 13. cxd5 cxd5 14. Ne5 Nxe5 15. dxe5 Kh8 16. c4 Ba6 17. cxd5 Bxe2 18. d6 Bxd1 19. Rxd1 Rc8 20. dxe7 Qxe7 21. Ba3 1-0